MARC

LEADER 00000nam0a2200000 4500
001 365359
005 20231102011758.0
035 |a (RuTPU)RU\TPU\retro\22722 
090 |a 365359 
100 |a 20211227d1981 km y0rusy50 ca 
101 0 |a rus 
102 |a RU 
105 |a a z 001zy 
200 1 |a По ту сторону расцвета. Буржуазное общество культура и идеология  |f А. В. Кукаркин 
205 |a 3-е изд., перераб. 
210 |a Москва  |c Политиздат  |d 1981 
215 |a 479 с.  |c ил. 
320 |a Библиогр.: с. 472-477 
606 1 |a Буржуазная идеология  |2 stltpush  |3 (RuTPU)RU\TPU\subj\30420  |9 53530 
606 1 |a Массовая культура  |2 stltpush  |3 (RuTPU)RU\TPU\subj\41143  |9 60960 
610 1 |a публицистика 
610 1 |a буржуазное общество 
610 1 |a буржуазные концепции 
610 1 |a культура 
610 1 |a высказывания 
610 1 |a манифесты 
610 1 |a духовная жизнь 
610 1 |a литература 
610 1 |a дискуссии 
610 1 |a кино 
610 1 |a печать 
610 1 |a телевидение 
610 1 |a музыкальная культура 
686 |a Ф019  |v LBC/SL-A  |2 rubbk 
686 |a Ч111.168  |v LBC/SL-A  |2 rubbk 
700 1 |a Кукаркин  |b А. В.  |g Александр Викторович 
801 1 |a RU  |b 63413507  |c 20211227 
801 2 |a RU  |b 63413507  |c 20230228  |g RCR 
942 |c BK